000 01028nam a2200253 i 4500
001 186507
003 ES-MaACL
005 20230906222702.0
008 161118s2008 sp aco c |||| | spa d
020 _a978-84-691-0518-4
080 _a327(460:5/6=411.21)(083.824)
080 _a327(5/6=411.21:460)(083.824)
245 0 0 _aEspaña y el mundo árabe
_b: un siglo de relaciones políticas en imágenes : [exposición].
260 _a[Madrid] :
_bCasa Árabe-IEAM,
_c[2008]
300 _a43, 148, 44 p. :
_bil., fot. col. y n. ;
_c24 x 22 cm.
546 _aCub. y port. adicionales, y texto también en árabe.
651 4 _aEspaña-
_xRelaciones-
_zPaíses árabes-
_vExposiciones.
_9161328
651 4 _aPaíses árabes-
_xRelaciones-
_zEspaña-
_vExposiciones.
_9161329
655 7 _2tgfbne
_9193628
_aCatálogos de exposiciones
710 2 _aCasa Árabe e Instituto Internacional de Estudios Árabes y del Mundo Musulmán.
_9148163
852 _aES-MaACL
_jL-30851
942 _2udc
999 _c186507
_d186507